A Odisseia de Homero adaptada para jovens (Registo nº 1026)
[ vista simples ]
| 000 -Etiqueta do registo | |
|---|---|
| Cabeçalho | 00904nam0a2200277 4500 |
| 005 - Identificador da versão | |
| Campo de controlo | 20240813121823.0 |
| 010 ## - Número internacional normalizado dos livros (ISBN) | |
| Número (ISBN) | 9727951465 |
| 021 ## - Número do Depósito Legal | |
| Código do país | PT |
| Número | 286620/08 |
| 100 ## - Dados gerais de processamento | |
| Dados gerais de processamento | 20150629d2008 a y0pory5003 ba |
| 102 ## - Pais de publicação ou produção | |
| País de publicação | Portugal |
| 101 1# - Língua de publicação | |
| Língua do texto, banda sonora, etc. | Português |
| Língua do documento no original | Grego antigo (até 1453) |
| 215 ## - Descrição física | |
| Indicação específica da natureza do documento e extensão da espécie | 328, [3] p. |
| Outras indicações físicas | il |
| 200 1# - Titulo e menção de responsabilidade | |
| Título próprio | A Odisseia de Homero adaptada para jovens |
| Primeira menção de responsabilidade | por Frederico Lourenço |
| Outras menções de responsabilidade | com desenhos de Richard de Luchi inspirados em vasos gregos |
| 205 ## - Menção da edição | |
| Menção da edição | 5ª ed |
| 210 ## - Publicação, Distribuição, etc. | |
| Lugar da edição, distribuição, etc. | Lisboa |
| Nome do editor, distribuidor, etc. | Livros Cotovia |
| Data da publicação, distribuição, etc. | D. L. 2008 |
| 300 ## - Notas gerais | |
| Texto da nota | Metas Curriculares |
| 606 ## - Nome comum usado como assunto | |
| Número de registo de entrada de autoridade | 0002323 |
| Palavra de ordem | Literatura grega (helénica) |
| Subdivisão de assunto | Conto |
| Código do sistema | CA |
| 675 ## - Classificação Decimal Universal (CDU) | |
| Notação | 821.14-34 |
| Edição | 3ª ed. |
| Língua da edição | por |
| 702 #1 - Nome de autor-pessoa física (responsabilidade secundária) | |
| Número de registo de entrada de autoridade | 0001393 |
| Palavra de ordem | Lourenço |
| Outra parte do nome não tomada para palavra de ordem | Frederico |
| Datas | 1963- |
| Código de função | Adaptador |
| Número de registo de entrada de autoridade | 0002318 |
| Palavra de ordem | Luchi |
| Outra parte do nome não tomada para palavra de ordem | Richard de |
| Datas | 1947- |
| Código de função | Ilustrador / Técnico de desenho computorizado |
| 700 #0 - Nome de autor-pessoa física (responsabilidade principal) | |
| Número de registo de entrada de autoridade | 0002317 |
| Palavra de ordem | Homero |
| Datas | 928 a.C-898 a.C |
| 966 ## - Identificação da Biblioteca | |
| Sigla | EB2,3ENM |
| 942 ## - Elementos de entrada adicionados (Koha) | |
| Tipo de item no Koha | Livro |
| Situação do levantamento | Origin of item (home branch) (coded) | Biblioteca de empréstimo | Código de barras | Cota | Circulation type (not for loan) | Tipo de documento | Nota do exemplar | Damaged status |
|---|---|---|---|---|---|---|---|---|
| Biblioteca Escolar Eng. Nuno Mergulhão | Biblioteca Escolar Eng. Nuno Mergulhão | BENM1883 | 82LP-34 LOU MET | Livro | Sem mensagem |
